The extreme 15 numbers you will answer in roman numerals - Statistics

General Stats
  • This quiz has been taken 1,280 times
  • The average score is 8 of 15
Answer Stats
Number Roman Numeral % Correct
6 VI
100%
19 XIX
96%
38 XXXVIII
95%
1000 M
93%
1015 MXV
74%
1549 MDXLIX
56%
3940 MMMCMXL
53%
2940 MMCMXL
48%
3193 MMMCXCIII
40%
2916 MMCMXVI
33%
2017 MMXVII
26%
1930 MCMXXX
15%
1492 MCDXCII
14%
3921 MMMCMXXI
13%
94 CXIV
4%
No matching quizzes found
Score Distribution
Percent of People with Each Score
Percentile by Number Answered
Your Score History
You have not taken this quiz